000 00427nam a2200145 i 4500
001 bg
100 1 _aMIŁASZEWSKI, Bogdan
245 0 _aZakładowy fundusz nagród, socjalny, mieszkaniowy :
_bzbiór podstawowych przepisów /
_cBogdan Miłaszewski, Dobrosław Żuk.
260 _aWarszawa,
_c1974.
700 1 _aŻUK, Dobrosław
040 _cBPK
041 _apol
942 _cKS
008 s pl f |000 0 pol
999 _c26194
_d26194
856 _uhttp://koha.tu.koszalin.pl/cgi-bin/koha/opac-detail.pl?biblionumber=26194
_yKatalog online BPK